000
00373nam a2200145Ia 4500
008
231129s2007||||xx |||||||||||||| ||spa||
020
_a
978-968-185790-5
040
_b
spa
082
_a
621.381 Z61e
100
_a
Zetina M. Angel
245
0
_a
Electrónica básica
260
_c
2007
264
_a
Noriega Editores
942
_2
ddc
_c
BKS
999
_c
12736
_d
12736